| 000 | 00557nam a2200181Ia 4500 | ||
|---|---|---|---|
| 003 | OSt | ||
| 005 | 20260128114407.0 | ||
| 008 | 210210b1959 xxu||||| |||| 00| 0 eng d | ||
| 040 | _cAL | ||
| 041 | _aKannada | ||
| 082 | _a853/559 | ||
| 100 |
_aSITARAMA SHASTRI (M V) _9162155 _dಸೀತಾರಾಮ ಶಾಸ್ತ್ರಿ (ಎಂ ವಿ) |
||
| 245 |
_aTottilu tugada kai: _bತೊಟ್ಟಿಲು ತೂಗದ ಕೈ |
||
| 260 |
_aBengaluru _bSharada Prakatanalaya _c1959 |
||
| 690 |
_aKannada Drama _9162156 |
||
| 906 | _a019829 | ||
| 942 |
_2ddc _cBK |
||
| 999 |
_c143979 _d143979 |
||